00552nam a22001577a 450000500170000001000130001702000250003003700170005508200060007210000280007824500890010626000350019527001090023030000270033970000280036620191104154833.0 aB-730816 a9789353094096c40.00 adplbPratham aS aChakravarty, Siddharth  awhale in the sky /c by Siddharth Chakravarty ; illustrated by Kaveri Gopalkrishnan aBangalurubPratham Booksc2018 a633-634,4th "C" Main,6th 'B' Cross, OMBR Layout Banaswadi, bBangaloree560043k911141042483 (New Delhi) a16p.bill.c18cm.(pbk) aGopalkrishanan, Kaveri